|
|
|
|
| LEADER |
01778cas a2200241 a 4500 |
| 001 |
AALejournalIMF005505 |
| 008 |
230101c9999 xx r poo 0 0eng d |
| 020 |
|
|
|c 5.00 USD
|
| 020 |
|
|
|z 9781451871302
|
| 022 |
|
|
|a 1018-5941
|
| 040 |
|
|
|a BD-DhAAL
|c BD-DhAAL
|
| 110 |
2 |
|
|a International Monetary Fund.
|
| 245 |
1 |
4 |
|a The Macroeconomic Impact of Healthcare Financing Alternatives :
|b Reform Options for Hong Kong SAR.
|
| 264 |
|
1 |
|a Washington, D.C. :
|b International Monetary Fund,
|c 2008.
|
| 300 |
|
|
|a 1 online resource (31 pages)
|
| 490 |
1 |
|
|a IMF Working Papers
|
| 500 |
|
|
|a <strong>Off-Campus Access:</strong> No User ID or Password Required
|
| 500 |
|
|
|a <strong>On-Campus Access:</strong> No User ID or Password Required
|
| 506 |
|
|
|a Electronic access restricted to authorized BRAC University faculty, staff and students
|
| 520 |
3 |
|
|a With much healthcare publicly funded, Hong Kong's rapidly aging population will significant raise fiscal pressure over coming decades. We ask what the implications are of meeting these costs by public funding, or private funding voluntarily or through mandates. Our simulations suggest that without early reform, these costs quickly become unsustainable. Prefunding is key. Whether this is done through the public system or through mandatory private provision is less important. Voluntary schemes are likely to result in insufficient savings without tax incentives. Even then, voluntary accounts are unlikely to yield better macroeconomic outcomes, while mandates tend to produce more equitable consumption.
|
| 538 |
|
|
|a Mode of access: Internet
|
| 830 |
|
0 |
|a IMF Working Papers; Working Paper ;
|v No. 2008/272
|
| 856 |
4 |
0 |
|z Full text available on IMF
|u http://elibrary.imf.org/view/journals/001/2008/272/001.2008.issue-272-en.xml
|z IMF e-Library
|